000 00901nam a22002177a 4500
999 _c1885
_d1885
003 AR-CdUCM
008 190228b ||||| |||| 00| 0 spa d
040 _aMUNICIPALIDAD PROVINCIAL DEL CUSCO
_cBIBLIOTECA MUNICIPAL DEL CUSCO
082 _a382.980 /
_bC19
100 _aCalderon Martinez, Antonio
_96904
245 _aDe la ALALC al mercado común latinoamericano :
_banálisis de algunos problemas para la formación de la tarifa externa común /
260 _aMexico :
_bPESA ,
_c1966.
300 _a181 páginas ;
_c22 cm.
440 _aColección ALALC
_96905
505 _aLa integración económica regional -- La teoría de la integración económica regional -- Experiencia del mercado común centroamericano...
650 _aMercado Latinoamericano.
_96906
650 _aIndustria Automotriz.
_96907
650 _aUnión Aduanera.
_96908
942 _2ddc
_cLIBROS
945 _awfj
_d2019-02-28